Normal view
MARC view
- Guide Name:Nawle Rahul
Entry Personal Name
001 - CONTROL NUMBER
- control field: 210846
003 - CONTROL NUMBER IDENTIFIER
- control field: OSt
005 - DATE AND TIME OF LATEST TRANSACTION
- control field: 20250110171739.0
008 - FIXED-LENGTH DATA ELEMENTS
- fixed length control field: 250110|| aca||aabn | a|a d
040 ## - CATALOGING SOURCE
- Original cataloging agency: OSt
- Transcribing agency: OSt
100 ## - HEADING--PERSONAL NAME
- Personal name: Guide Name:Nawle Rahul
670 ## - SOURCE DATA FOUND
- Source citation: Work cat.: (OSt)364368: Wagh Ankita., Understanding Microclimate And Address Design Solution To Improve Pedestrian Experience : A Case Of Pilgrim Town Shirdi, 2019